000 00536nam a22001937a 4500
003 OSt
005 20160530152519.0
008 131001t xxu||||| |||| 00| 0 eng d
020 _a9789710040759
050 _aBV 85
_b.IB12 2010
082 _aGLT 248
_b.Ib1 2010
100 _aIbanez, Rodolfo
_922685
245 _aThe road to Emmaus /
_cIbanez, Rodolfo
260 _aMakati City, Philippines :
_bSt Pauls,
_c2010.
300 _axxix, 290 p. :
_bill. ;
_c23 cm.
650 _aChristian life
_91330
942 _2lcc
_cBK
999 _c12609
_d12609